000 00450cam a22001934a 4500
005 20250605164321.0
008 250528s ||||||||||||||||||||||||d
035 _a22901
020 _a9781403934666
040 _aGR-AtMCL
_bgre
_dGR-AtMCL
_eAACR2
245 1 _aOPERATIONS MANAGEMENT
250 _a2
260 _bPalgrave Macmillan,
_c2005
300 _a764
700 1 _aHill Terry
_91430
942 _cBK
999 _c7945
_d7945